Statistics for Hercule Poirot Countries Visited Map

Click here to take the quiz!

General Stats

  • This quiz has been taken 743 times
    (222 since last reset)
  • The average score is 12 of 16

Answers on the Map

Answers color-coded by a green-red scale on the quiz's map according to % correct below.
 

Answer Stats

Countries% Correct
France
97%
United Kingdom
95%
Italy
92%
Belgium
91%
Turkey
86%
Egypt
84%
Greece
81%
Ireland
80%
Switzerland
78%
Israel
64%
Syria
64%
Iraq
63%
Serbia
61%
Bulgaria
57%
Jordan
57%
Monaco
30%

Score Distribution

Percentile by Number Answered

Percent of People with Each Score

Your Score History

You have not taken this quiz since the last reset